000 00267nam a22001217a 4500
082 _a301
100 _aHaralambos
245 _aSociology themes and perspectives
250 _a5th ed
260 _aLahore
_bNational Book Foundation
300 _a1116p
942 _cBK
999 _c3126
_d3126